[Event "20th Open"]
[Site "Cappelle la Grande FRA"]
[Date "2004.02.28"]
[Round "1"]
[White "Seret,JL"]
[Black "Lafaurie,P"]
[Result "1-0"]
[WhiteElo "2315"]
[BlackElo "2108"]
[EventDate "2004.02.28"]

1. e4 c5 2. Nf3 Nc6 3. Bb5 g6 4. Bxc6 dxc6 5. d3 Bg7 6. Nc3 Nf6 7. Be3 b6
8. h3 e5 9. Qd2 h6 10. Nxe5 Nxe4 11. Nxe4 Bxe5 12. Bxh6 Bxb2 13. Rb1 Be5
14. Bg5 f6 15. Bf4 Qe7 16. O-O Be6 17. Bxe5 fxe5 18. a4 O-O-O 19. a5 b5 20.
Qe3 c4 21. Ng5 cxd3 22. Qxe5 Rhe8 23. cxd3 Bf5 24. Qc3 Bxd3 25. Qxc6+ Kb8
26. Rfd1 Bxb1 27. Rxb1 b4 28. Ne6 Rc8 29. Qe4 Qxe6 30. Qxb4+ Kc7 31. Qb7+
Kd6 32. Rd1+ Kc5 33. Qxa7+ Kb4 34. Qb7+ Kc3 35. Rc1+ Kd4 36. Qb2+ Kd5 37.
Qd2+ Ke5 38. Re1+ Kf6 39. Qd4+ Kf7 40. Rxe6 Rxe6 41. Qd7+ 1-0

[Event "20th Open"]
[Site "Cappelle la Grande FRA"]
[Date "2004.02.28"]
[Round "1"]
[White "Brodsky,M"]
[Black "Tseitlin,Ma"]
[Result "1/2-1/2"]
[WhiteElo "2528"]
[BlackElo "2426"]
[EventDate "2004.02.28"]

1. e4 c5 2. Nf3 d6 3. d4 cxd4 4. Nxd4 Nf6 5. f3 Nc6 6. Nc3 e6 7. Be3 Be7 8.
Qd2 O-O 9. O-O-O a6 10. g4 Nxd4 11. Qxd4 b5 12. g5 Nd7 13. h4 Qa5 14. Kb1
Ne5 15. f4 b4 16. Ne2 Ng4 17. Bg1 e5 18. Qd2 Bb7 19. Ng3 f5 20. Bc4+ Kh8
21. Be6 fxe4 22. Bxg4 exf4 23. Nh5 e3 24. Bxe3 fxe3 25. Qxe3 Qe5 26. Rhe1
1/2-1/2

[Event "20th Open"]
[Site "Cappelle la Grande FRA"]
[Date "2004.02.28"]
[Round "1"]
[White "Ciuksyte,D"]
[Black "Slapak,Z"]
[Result "1/2-1/2"]
[WhiteElo "2392"]
[BlackElo "2150"]
[EventDate "2004.02.28"]

1. e4 c5 2. Nf3 Nc6 3. d4 cxd4 4. Nxd4 e5 5. Nb5 a6 6. Nd6+ Bxd6 7. Qxd6
Qf6 8. Qd1 Nge7 9. Nc3 Qg6 10. h4 h5 11. Bg5 d5 12. exd5 Nd4 13. Bd3 Bf5
14. Bxf5 Nexf5 15. Qd3 Rc8 16. O-O-O b5 17. Be3 O-O 18. Bxd4 exd4 19. Ne2
Rfd8 20. Nxd4 Nxd4 21. Qxg6 Ne2+ 22. Kd2 fxg6 23. Kxe2 Rxc2+ 24. Rd2 Rxd2+
25. Kxd2 Rxd5+ 26. Ke3 Re5+ 27. Kf3 Rf5+ 28. Ke3 g5 29. hxg5 Rxg5 30. g3
Re5+ 31. Kd3 Rd5+ 1/2-1/2

[Event "20th Open"]
[Site "Cappelle la Grande FRA"]
[Date "2004.02.28"]
[Round "1"]
[White "Geller,J"]
[Black "Miroshnichenko,E"]
[Result "1/2-1/2"]
[WhiteElo "2494"]
[BlackElo "2602"]
[EventDate "2004.02.28"]

1. e4 c5 2. Nf3 d6 3. d4 Nf6 4. Nc3 cxd4 5. Nxd4 Nc6 6. Bg5 Qb6 7. Nb3 e6
8. Be3 Qc7 9. Bd3 a6 10. O-O Be7 11. f4 O-O 12. a4 b6 13. Qf3 Bb7 14. Qh3
Nb4 15. Rac1 Rfe8 16. g4 Bf8 17. Nd4 Nd7 18. Nf3 Nc5 19. Rcd1 Bc6 20. Ng5
h6 21. Nf3 Nxa4 22. Nxa4 Bxa4 23. Rd2 d5 24. e5 Nxd3 25. cxd3 d4 26. Nxd4
Rad8 27. b3 Qc3 28. bxa4 Rxd4 29. Bxd4 Qxd2 30. Bxb6 Qb4 31. Be3 Qxa4 32.
d4 Qc6 33. f5 Qe4 34. Qf3 Qxf3 35. Rxf3 a5 36. Bc1 Rb8 37. Ba3 Bb4 38. Kf2
h5 39. fxe6 fxe6 40. gxh5 a4 41. Ke2 Kh7 42. Rg3 Rb7 43. Rd3 Kh6 44. d5
exd5 45. Bc1+ 1/2-1/2

[Event "20th Open"]
[Site "Cappelle la Grande FRA"]
[Date "2004.02.28"]
[Round "1"]
[White "Gleizerov,E"]
[Black "Pridorozhni,A"]
[Result "1/2-1/2"]
[WhiteElo "2589"]
[BlackElo "2493"]
[EventDate "2004.02.28"]

1. d4 d5 2. c4 c6 3. Nf3 Nf6 4. Nc3 e6 5. g3 dxc4 6. Bg2 b5 7. Ne5 Nd5 8.
a4 b4 9. Ne4 Be7 10. Nxc4 O-O 11. O-O Nd7 12. Bf4 Nxf4 13. gxf4 Ba6 14. Rc1
Rc8 15. Re1 f5 16. Ned2 c5 17. d5 exd5 18. Bxd5+ Kh8 19. Nf3 Qc7 20. e3 Nb6
21. Be6 Rcd8 22. Qb3 Nxc4 23. Bxc4 Bb7 24. Be2 Bd5 25. Qc2 Qb7 26. Ne5 Bd6
27. Red1 Bxe5 28. fxe5 Qc6 29. Qxc5 Qg6+ 30. Kf1 Qg2+ 31. Ke1 Qh1+ 32. Bf1
Bg2 33. Qc4 Rc8 34. Qa6 Bxf1 35. Qxf1 Qxh2 36. Rxc8 Rxc8 37. e6 h6 38. e7
Qc7 39. Qa6 Re8 40. Rd8 Rxd8 41. exd8=Q+ Qxd8 42. Qxa7 Qc8 43. Kd2 b3 44.
Ke1 Qd8 1/2-1/2

[Event "20th Open"]
[Site "Cappelle la Grande FRA"]
[Date "2004.02.28"]
[Round "1"]
[White "Zilberman,Y"]
[Black "Farago,I"]
[Result "1-0"]
[WhiteElo "2407"]
[BlackElo "2506"]
[EventDate "2004.02.28"]

1. d4 Nf6 2. Nf3 e6 3. c4 b6 4. Nc3 Bb7 5. Bg5 h6 6. Bh4 g5 7. Bg3 Nh5 8.
e3 Nxg3 9. hxg3 Bg7 10. Qc2 Nc6 11. O-O-O Qe7 12. g4 O-O-O 13. a3 Kb8 14.
Be2 h5 15. gxh5 g4 16. Nd2 f5 17. f3 Qg5 18. f4 Qf6 19. Nf1 Ne7 20. Bd3 d5
21. Ng3 c5 22. dxc5 d4 23. Na4 dxe3 24. cxb6 axb6 25. Qb3 e5 26. Ne2 exf4
27. Nxf4 Bh6 28. Ne2 f4 29. Nxb6 f3 30. gxf3 gxf3 31. Be4 Kc7 32. Nd7 Qa6
33. Nc5 Qb6 34. Ne6+ 1-0

[Event "20th Open"]
[Site "Cappelle la Grande FRA"]
[Date "2004.02.28"]
[Round "1"]
[White "Dzhumaev,M"]
[Black "Delchev,A"]
[Result "0-1"]
[WhiteElo "2498"]
[BlackElo "2624"]
[EventDate "2004.02.28"]

1. e4 e5 2. Nf3 Nc6 3. Nc3 Nf6 4. g3 Bc5 5. Bg2 d6 6. d3 a6 7. O-O O-O 8.
Be3 Bxe3 9. fxe3 Ne7 10. Nh4 Ng4 11. Qd2 Nh6 12. d4 c6 13. a4 a5 14. Nd1
Be6 15. b3 Qc7 16. Kh1 Rad8 17. Nf3 f6 18. c4 d5 19. exd5 cxd5 20. c5 e4
21. Ng1 Nc6 22. Nc3 Qf7 23. Nb5 Qh5 24. Nd6 b6 25. Rac1 Nb4 26. Nb5 Nd3 27.
Rc3 Ng4 28. h3 Qh6 29. Rxd3 exd3 30. Rf4 f5 31. Nc7 Bf7 32. Nf3 bxc5 33.
dxc5 Qc6 34. Nb5 Nf6 35. Qxd3 Qxc5 36. Nbd4 Nh5 37. Rh4 Nxg3+ 38. Kg1 Rfe8
39. Ng5 Qc1+ 40. Kh2 Rxe3 41. Qa6 Qc7 42. Kg1 Ne4 43. Ngf3 Rc3 44. Nxf5
Rc1+ 45. Bf1 Ng3 46. Nh6+ gxh6 47. Rg4+ Bg6 48. Qe6+ Kg7 0-1

[Event "20th Open"]
[Site "Cappelle la Grande FRA"]
[Date "2004.02.28"]
[Round "1"]
[White "Rozentalis,E"]
[Black "Ramirez,Al"]
[Result "1-0"]
[WhiteElo "2625"]
[BlackElo "2499"]
[EventDate "2004.02.28"]

1. e4 c5 2. Nf3 Nc6 3. Bb5 g6 4. O-O Bg7 5. Re1 e5 6. c3 Nge7 7. a3 O-O 8.
b4 d5 9. bxc5 dxe4 10. Ng5 Qd5 11. Nxe4 Bf5 12. d3 Bxe4 13. dxe4 Qxc5 14.
a4 Rfd8 15. Qf3 Na5 16. Nd2 Qc7 17. Qe3 Nc8 18. h4 h5 19. Be2 Nd6 20. g4
Qe7 21. Qh3 Qe6 22. Qg2 hxg4 23. Bxg4 f5 24. Bh3 Qf6 25. exf5 gxf5 26. Qd5+
Kh7 27. Qxa5 Qxh4 28. Nf3 Qh5 29. Bg2 e4 30. Ng5+ Kg6 31. Ne6 Qh8 32. Re3
Nc4 33. Rg3+ Kf6 34. Nxd8 Nxa5 35. Bg5+ Kg6 36. Be7+ Kh7 37. Rh3+ Kg6 38.
Rxh8 Bxh8 39. Rd1 Bxc3 40. Rd6+ Kg7 41. Bh3 Bb4 42. Bf6+ 1-0

[Event "20th Open"]
[Site "Cappelle la Grande FRA"]
[Date "2004.02.28"]
[Round "1"]
[White "Colovic,A"]
[Black "Arencibia,W"]
[Result "1-0"]
[WhiteElo "2409"]
[BlackElo "2508"]
[EventDate "2004.02.28"]

1. e4 e6 2. d4 d5 3. Nc3 Bb4 4. e5 c5 5. a3 Bxc3+ 6. bxc3 Ne7 7. a4 Nbc6 8.
Nf3 Qa5 9. Bd2 Bd7 10. Bb5 h6 11. O-O Qc7 12. Re1 b6 13. Bd3 Na5 14. Bc1 c4
15. Bf1 Bc6 16. Nh4 Qd7 17. Ba3 Bxa4 18. g3 Bc6 19. Bb4 Nb7 20. Bh3 a5 21.
Ba3 Kd8 22. Qf3 Qe8 23. Ng2 Qg8 24. Bg4 b5 25. h4 Ra6 26. Nf4 Be8 27. h5 g5
28. hxg6 Nxg6 29. Nxd5 exd5 30. Qxd5+ Kc7 31. Bd6+ Nxd6 32. exd6+ Rxd6 33.
Qc5+ Bc6 34. Rxa5 Qb8 1-0

[Event "20th Open"]
[Site "Cappelle la Grande FRA"]
[Date "2004.02.28"]
[Round "1"]
[White "Kovchan,A"]
[Black "Foisor,O"]
[Result "1/2-1/2"]
[WhiteElo "2509"]
[BlackElo "2411"]
[EventDate "2004.02.28"]

1. e4 e6 2. d4 d5 3. Nc3 Bb4 4. e5 c5 5. Bd2 Ne7 6. a3 Bxc3 7. Bxc3 Nbc6 8.
Nf3 cxd4 9. Nxd4 Nxe5 10. Nxe6 Bxe6 11. Bxe5 O-O 12. Be2 Nc6 13. Bg3 Qf6
14. Rb1 Rad8 15. O-O Bf5 16. Re1 Rfe8 17. Qd2 h6 18. h3 a6 19. Bd3 Qd4 20.
Bc7 Rc8 21. Bb6 Qxb6 22. Bxf5 Rxe1+ 23. Rxe1 Rd8 24. Qe2 g6 25. Qg4 Qxb2
26. Bxg6 fxg6 27. Re6 Qxc2 28. Rxg6+ Kh7 29. Rg7+ Kh8 30. Rxb7 Qc1+ 31. Kh2
Qg5 32. Qa4 Qe5+ 33. g3 Qf6 34. Qc2 Ne7 35. Kg1 Rf8 36. Qe2 Nf5 37. Qd3 d4
38. Ra7 Ng7 39. f4 Re8 40. Rxa6 Re6 41. Ra8+ Re8 42. Ra6 Re6 43. Ra8+
1/2-1/2

[Event "20th Open"]
[Site "Cappelle la Grande FRA"]
[Date "2004.02.28"]
[Round "1"]
[White "Urban,K"]
[Black "Baklan,V"]
[Result "1/2-1/2"]
[WhiteElo "2496"]
[BlackElo "2606"]
[EventDate "2004.02.28"]

1. Nf3 c5 2. c4 Nf6 3. Nc3 Nc6 4. g3 g6 5. Bg2 d6 6. d4 cxd4 7. Nxd4 Bd7 8.
O-O Bg7 9. Nc2 O-O 10. b3 Qc8 11. Bb2 Bh3 12. Rb1 a6 13. Nd5 Nxd5 14. Qxd5
Bxg2 1/2-1/2

[Event "20th Open"]
[Site "Cappelle la Grande FRA"]
[Date "2004.02.28"]
[Round "1"]
[White "Kveinys,A"]
[Black "Eliet,N"]
[Result "1/2-1/2"]
[WhiteElo "2511"]
[BlackElo "2413"]
[EventDate "2004.02.28"]

1. e4 e5 2. Nf3 Nc6 3. Bb5 a6 4. Ba4 Nf6 5. O-O Be7 6. Re1 b5 7. Bb3 d6 8.
c3 O-O 9. h3 Na5 10. Bc2 c5 11. d4 Qc7 12. Nbd2 Rd8 13. b3 cxd4 1/2-1/2

[Event "20th Open"]
[Site "Cappelle la Grande FRA"]
[Date "2004.02.28"]
[Round "1"]
[White "Raetsky,A"]
[Black "Totsky,L"]
[Result "1/2-1/2"]
[WhiteElo "2417"]
[BlackElo "2517"]
[EventDate "2004.02.28"]

1. d4 e6 2. c4 b6 3. e4 Bb7 4. Nc3 Bb4 5. f3 f5 6. exf5 exf5 7. Be3 Qe7 8.
Kf2 Bxc3 9. bxc3 Nf6 10. Bf4 O-O 11. Nh3 Nc6 12. Bd3 Nh5 13. Re1 Qh4+ 14.
Bg3 Nxg3 15. hxg3 Qf6 16. Qd2 g6 17. Qh6 Qg7 18. Qf4 Ba6 19. Re3 Rae8 20.
Rae1 Rxe3 21. Rxe3 d6 22. Ng5 h6 23. Ne6 g5 24. Qxf5 Rxf5 25. Nxg7 Ra5 26.
Nf5 Rxa2+ 27. Kg1 Ra3 28. Nxh6+ Kg7 29. Re6 Rxc3 30. Rg6+ Kf8 31. Rg8+ Ke7
32. Rg7+ Kd8 33. Bf5 Bxc4 34. Rd7+ Ke8 35. Rxc7 Bd5 36. Bd7+ Kd8 37. Bxc6
Kxc7 38. Bxd5 a5 39. f4 gxf4 40. gxf4 Kd7 41. f5 Ke7 42. g4 Rd3 1/2-1/2

[Event "20th Open"]
[Site "Cappelle la Grande FRA"]
[Date "2004.02.28"]
[Round "1"]
[White "Timotic,N"]
[Black "Midoux,S"]
[Result "0-1"]
[WhiteElo "2107"]
[BlackElo "2315"]
[EventDate "2004.02.28"]

1. e4 e6 2. d4 d5 3. Nd2 dxe4 4. Nxe4 Bd7 5. Nf3 Bc6 6. Bd3 Nd7 7. O-O Be7
8. Qe2 Ngf6 9. b3 O-O 10. Bb2 Nd5 11. c4 Nf4 12. Qe3 Nxd3 13. Qxd3 Nf6 14.
Nfg5 Nxe4 15. Nxe4 Re8 16. Rad1 Bf8 17. f4 Qh4 18. Ng3 Qg4 19. f5 exf5 20.
Qxf5 Qxf5 21. Nxf5 Re2 22. Rf2 Rae8 23. Kf1 Rxf2+ 24. Kxf2 Be4 25. Re1 f6
26. Ng3 Bg6 27. Rxe8 Bxe8 28. Ke3 Kf7 29. d5 Bd6 30. Bd4 b6 31. a4 Bd7 32.
a5 Bg4 33. axb6 axb6 34. Bc3 Bd1 35. b4 Bb3 36. Kd3 g6 37. Bd2 b5 38. cxb5
Bxd5 39. Ne4 Bxh2 40. Kd4 Bb7 41. Be3 Be5+ 42. Kd3 h5 43. b6 cxb6 44. Bxb6
h4 45. b5 g5 46. Bf2 Kg6 47. b6 f5 48. Nc5 Bxg2 49. b7 Bxb7 50. Nxb7 h3 51.
Bg1 h2 52. Bxh2 Bxh2 53. Nc5 g4 54. Ke2 Bd6 55. Nd3 f4 0-1

[Event "20th Open"]
[Site "Cappelle la Grande FRA"]
[Date "2004.02.28"]
[Round "1"]
[White "Durao,J"]
[Black "Battaglini,G"]
[Result "0-1"]
[WhiteElo "2139"]
[BlackElo "2385"]
[EventDate "2004.02.28"]

1. e4 c5 2. Nf3 d6 3. d4 cxd4 4. Nxd4 Nf6 5. Nc3 a6 6. f4 Nc6 7. a4 e6 8.
Be3 Be7 9. Qf3 Qc7 10. Bd3 Nxd4 11. Bxd4 e5 12. fxe5 dxe5 13. Qg3 Ng4 14.
Nd5 Qd8 15. Bxe5 Bh4 16. Nc7+ Kf8 17. Nxa8 Nxe5 18. O-O-O Bxg3 19. hxg3 Bg4
20. Be2 Qxa8 21. Bxg4 Nxg4 22. Rd4 g6 23. Rf1 Kg7 0-1

[Event "20th Open"]
[Site "Cappelle la Grande FRA"]
[Date "2004.02.28"]
[Round "1"]
[White "Perunovic,Mil"]
[Black "Vandevoort,P"]
[Result "1/2-1/2"]
[WhiteElo "2550"]
[BlackElo "2379"]
[EventDate "2004.02.28"]

1. e4 c5 2. Nf3 d6 3. d4 cxd4 4. Nxd4 Nf6 5. Nc3 a6 6. Be3 Ng4 7. Bg5 h6 8.
Bh4 g5 9. Bg3 Bg7 10. Qd2 Nc6 11. Nb3 Nge5 12. f3 b5 13. Bf2 Rb8 14. Nd4 b4
15. Nce2 Nc4 16. Qc1 Qc7 17. b3 N4e5 18. Qd2 O-O 19. h4 g4 20. f4 g3 21.
Bg1 Ng4 22. Nxg3 Nxd4 23. Bxd4 Bxd4 24. Qxd4 Qxc2 25. Bd3 Qxg2 26. Rg1 Qh2
27. O-O-O e5 28. Qxd6 Qxa2 29. Nh5 Qa1+ 30. Kc2 Qc3+ 31. Kb1 Qxb3+ 32. Ka1
Qa3+ 33. Kb1 Qb3+ 34. Ka1 Qc3+ 35. Kb1 Be6 36. Rxg4+ Bxg4 37. Rg1 Qb3+ 38.
Ka1 Qc3+ 39. Kb1 Qb3+ 40. Ka1 Qa4+ 41. Kb1 Qb3+ 42. Ka1 Qc3+ 43. Kb1
1/2-1/2

[Event "20th Open"]
[Site "Cappelle la Grande FRA"]
[Date "2004.02.28"]
[Round "1"]
[White "Inarkiev,E"]
[Black "Deviatkin,A"]
[Result "1-0"]
[WhiteElo "2606"]
[BlackElo "2495"]
[EventDate "2004.02.28"]

1. e4 c6 2. d4 d5 3. e5 Bf5 4. Nf3 e6 5. Be2 Ne7 6. O-O h6 7. Na3 Nd7 8. c3
a6 9. Nc2 c5 10. dxc5 Nxc5 11. Ncd4 Bg6 12. Be3 Nf5 13. Nxf5 Bxf5 14. Rc1
Nd7 15. c4 Be4 16. Bd4 dxc4 17. Nd2 Bc6 18. Nxc4 Be7 19. Bf3 Rc8 20. Bxc6
Rxc6 21. Nd6+ Bxd6 22. Rxc6 bxc6 23. exd6 O-O 24. Qc2 e5 25. Be3 Qa8 26.
Rc1 Rc8 27. Qf5 Qb7 28. Rc3 Re8 29. Qc2 Qb4 30. h3 Qxd6 31. Rxc6 Qd5 32.
Rxa6 Nb8 33. Rb6 Nd7 34. Qc6 Qd1+ 35. Kh2 Rd8 36. Rb5 Nf8 37. Rxe5 Qb1 38.
Re8 Rd1 39. Bc5 Rh1+ 40. Kg3 Kh7 41. Bxf8 1-0

[Event "20th Open"]
[Site "Cappelle la Grande FRA"]
[Date "2004.02.28"]
[Round "1"]
[White "Najer,E"]
[Black "Alavkin,A"]
[Result "1/2-1/2"]
[WhiteElo "2602"]
[BlackElo "2493"]
[EventDate "2004.02.28"]

1. d4 Nf6 2. c4 e6 3. Nf3 Bb4+ 4. Nbd2 b6 5. a3 Bxd2+ 6. Bxd2 Bb7 7. Bg5 d6
8. e3 Nbd7 9. Bd3 Qe7 10. Qc2 h6 11. Bh4 a5 12. O-O-O g5 13. Bg3 Nh5 14. e4
Nxg3 15. hxg3 e5 16. Qc3 O-O-O 17. Bc2 c5 18. d5 Kc7 19. Nd2 h5 20. Ba4 Nb8
21. Rh2 Rh6 22. Rdh1 Rdh8 23. Nf1 Qf6 24. Ne3 Bc8 25. Qd2 R8h7 26. Bd1 Qh8
27. Ba4 Qf6 28. Qe2 Qh8 29. Kd2 Qf6 30. Ke1 Qh8 31. Bb5 Kd8 32. Ba4 Kc7 33.
Qd1 Kd8 34. Bb5 f6 35. Kd2 h4 36. g4 h3 37. g3 Qg7 38. Qf1 Qh8 39. Ba4 Kc7
40. Qd1 Kd8 41. Qe1 Qf8 42. Ke2 Qh8 43. Kf3 Ra7 44. Qf1 Rah7 45. Bb5 Kc7
46. Nf5 Bxf5 47. gxf5 Qg8 48. Kg4 Qh8 49. Rxh3 Kd8 50. Rxh6 Rxh6 51. Rxh6
Qxh6 52. Qh3 Qxh3+ 53. Kxh3 Ke7 54. Kg4 Kf7 55. Kf3 Ke7 56. Ke3 Kd8 57. Ke2
Ke7 58. Kd2 Kd8 59. Kc2 a4 60. Bxa4 Na6 61. Bc6 Kc8 62. Kd2 Kc7 63. Bb5 Nb8
64. Kc2 Kb7 65. Kb3 Kc7 66. Ka4 Kb7 67. Bc6+ Nxc6 68. dxc6+ Kxc6 69. g4 b5+
70. cxb5+ Kb6 71. f3 1/2-1/2

[Event "20th Open"]
[Site "Cappelle la Grande FRA"]
[Date "2004.02.28"]
[Round "1"]
[White "Dumitrache,D"]
[Black "Burmakin,V"]
[Result "1-0"]
[WhiteElo "2493"]
[BlackElo "2596"]
[EventDate "2004.02.28"]

1. d4 c6 2. c4 d5 3. Nf3 Nf6 4. e3 Bf5 5. Nc3 e6 6. Nh4 Bg6 7. Qb3 Qc7 8.
Nxg6 hxg6 9. h3 Nbd7 10. Bd2 Be7 11. Be2 a6 12. a3 O-O 13. cxd5 cxd5 14.
O-O Nb6 15. Rfc1 Nc4 16. Be1 Rfc8 17. Bd3 b5 18. a4 b4 19. Ne2 a5 20. Rc2
Ra6 21. Qa2 Rc6 22. Rac1 Ne8 23. b3 Ned6 24. Ng3 Qb7 25. Qa1 Na3 26. Rxc6
Rxc6 27. Bd2 Bh4 28. Rxc6 Qxc6 29. Qc1 Qxc1+ 30. Bxc1 f5 31. Ne2 Ne4 32. g3
Be7 33. Kf1 Bd6 34. g4 Kf7 35. f3 Ng3+ 36. Nxg3 Bxg3 37. Bd2 Bd6 38. e4
fxe4 39. fxe4 dxe4 40. Bxe4 Be7 41. Bf4 Bd8 42. g5 Ke8 43. Bc1 1-0

[Event "20th Open"]
[Site "Cappelle la Grande FRA"]
[Date "2004.02.28"]
[Round "1"]
[White "Belouadah,S"]
[Black "Fruteau,S"]
[Result "0-1"]
[WhiteElo "2346"]
[BlackElo "2120"]
[EventDate "2004.02.28"]

1. e4 Nf6 2. e5 Nd5 3. d4 d6 4. c4 Nb6 5. Nf3 Bg4 6. exd6 cxd6 7. Qb3 Qc8
8. Bf4 g6 9. Nbd2 Bg7 10. Bd3 O-O 11. O-O Nc6 12. d5 Ne5 13. Nxe5 dxe5 14.
Be3 Nd7 15. Qb4 Re8 16. c5 Nf6 17. Qb3 Rd8 18. Bc4 Qd7 19. f3 Bf5 20. g4
Bxg4 21. fxg4 Qxg4+ 22. Kh1 b5 23. cxb6 axb6 24. Bxb6 Rdb8 25. Qe3 Qd7 26.
Qf2 Rf8 27. b3 Nxd5 28. Bxd5 Qxd5+ 29. Kg1 e4 30. Nc4 Bxa1 31. Rxa1 e5 32.
Qf6 Rae8 33. Be3 Re6 34. Qf2 f5 35. Bg5 f4 36. Re1 e3 37. Qh4 Qc5 38. Re2
Qd4 39. Re1 0-1

[Event "20th Open"]
[Site "Cappelle la Grande FRA"]
[Date "2004.02.28"]
[Round "1"]
[White "Gyimesi,Z"]
[Black "Shaw,J"]
[Result "1-0"]
[WhiteElo "2553"]
[BlackElo "2465"]
[EventDate "2004.02.28"]

1. d4 d5 2. c4 c6 3. Nf3 Nf6 4. Nc3 dxc4 5. a4 Bf5 6. Ne5 Nbd7 7. Nxc4 Nb6
8. Ne5 a5 9. g3 Nfd7 10. Nxd7 Nxd7 11. Bg2 e6 12. O-O Bb4 13. e4 Bg6 14. f4
h6 15. f5 exf5 16. exf5 Bh7 17. Re1+ Be7 18. Qg4 Kf8 19. Be3 Nf6 20. Qf3
Qd7 21. g4 h5 22. h3 hxg4 23. hxg4 Rd8 24. d5 Nxd5 25. Rad1 Bg8 26. Nxd5
cxd5 27. Rxd5 Qxd5 28. Qxd5 Rxd5 29. Bxd5 g6 30. Rc1 gxf5 31. Bd4 f6 32.
Rc8+ Kg7 33. Rxg8+ Rxg8 34. Bxg8 Kxg8 35. gxf5 Bd8 36. Kf2 Kf7 37. Kf3 Ke7
38. Kg4 Kf7 39. Bc5 b6 40. Bd6 Ke8 41. Kh5 Kd7 42. Bg3 Kc6 43. Kg6 b5 44.
Bh4 bxa4 45. Bxf6 a3 46. bxa3 Bb6 47. a4 Kd5 48. Bg5 Kc4 49. f6 Kb3 50. f7
Bc5 51. Kf5 Kxa4 52. Ke6 Bf8 53. Be7 1-0

[Event "20th Open"]
[Site "Cappelle la Grande FRA"]
[Date "2004.02.28"]
[Round "1"]
[White "Gouliev,N"]
[Black "Shalnev,N"]
[Result "1/2-1/2"]
[WhiteElo "2453"]
[BlackElo "2553"]
[EventDate "2004.02.28"]

1. e4 c5 2. Nf3 d6 3. d4 cxd4 4. Nxd4 Nf6 5. Nc3 a6 6. Be2 e5 7. Nb3 Be7 8.
O-O Be6 9. a4 b6 10. Be3 Nbd7 11. Qd2 Qc7 12. Rfd1 O-O 13. f3 Rfe8 14. Nc1
Bc4 1/2-1/2

[Event "20th Open"]
[Site "Cappelle la Grande FRA"]
[Date "2004.02.28"]
[Round "1"]
[White "Le Corre,B"]
[Black "Schulze,U"]
[Result "0-1"]
[WhiteElo "2122"]
[BlackElo "2352"]
[EventDate "2004.02.28"]

1. e4 Nf6 2. e5 Nd5 3. d4 d6 4. Nf3 g6 5. Bc4 Nb6 6. Bd3 Bg7 7. h3 O-O 8.
O-O Nc6 9. Qe1 dxe5 10. dxe5 Be6 11. Qe2 Nd4 12. Nxd4 Qxd4 13. Re1 Nd7 14.
Nd2 Nxe5 15. Nf3 Nxf3+ 16. Qxf3 Bd5 17. Be3 Bxf3 18. Bxd4 Bxd4 19. gxf3 e6
20. Re4 Rfd8 21. a4 Bxb2 22. Rb1 Bd4 23. Rxb7 Bb6 24. Rb4 Rd5 25. f4 Rad8
26. Kg2 a5 27. Rc4 Rd4 0-1

[Event "20th Open"]
[Site "Cappelle la Grande FRA"]
[Date "2004.02.28"]
[Round "1"]
[White "Janev,E"]
[Black "Hauchard,A"]
[Result "0-1"]
[WhiteElo "2403"]
[BlackElo "2499"]
[EventDate "2004.02.28"]

1. e4 c5 2. Nf3 e6 3. Qe2 Nc6 4. g3 g6 5. Bg2 Bg7 6. O-O Nge7 7. c3 d6 8.
d4 cxd4 9. cxd4 Nxd4 10. Nxd4 Bxd4 11. Bh6 Nc6 12. Nc3 a6 13. Qd2 Qa5 14.
Rad1 Bd7 15. Rfe1 O-O-O 16. Qf4 Qb6 17. Rd2 Ne5 18. Red1 Bc5 19. Rc2 Rhg8
20. a3 Qb3 21. Qc1 Kb8 22. Bg5 Rc8 23. Be7 Rc6 24. h3 Ka8 25. Kh2 Rgc8 26.
f4 Nc4 27. e5 d5 28. Bxc5 Rxc5 29. Ne4 Ba4 30. Nxc5 Qxc2 31. Nxa4 Qxa4 32.
Rd3 Nb6 33. Qe3 Rc6 34. f5 gxf5 35. Rd4 Nc4 36. Qg5 Qc2 37. a4 Qxb2 38. Rh4
0-1

[Event "20th Open"]
[Site "Cappelle la Grande FRA"]
[Date "2004.02.28"]
[Round "1"]
[White "Philippe,C"]
[Black "Schmidt,Pe2"]
[Result "1-0"]
[WhiteElo "2358"]
[BlackElo "2125"]
[EventDate "2004.02.28"]

1. e4 g6 2. d4 d6 3. Nc3 c6 4. Be3 Bg7 5. Qd2 b5 6. h4 h6 7. Nge2 Nd7 8. h5
g5 9. Ng3 Nb6 10. Bd3 Nf6 11. f4 gxf4 12. Bxf4 Ng4 13. Be2 Nc4 14. Bxc4
bxc4 15. O-O-O Qa5 16. e5 dxe5 17. dxe5 Be6 18. Nge4 Nxe5 19. Rhe1 Bg4 20.
Nd6+ Kf8 21. Bxe5 Bxd1 22. Bxg7+ Kxg7 23. Qd4+ Kg8 24. Nxc4 Qg5+ 25. Kxd1
Qxh5+ 26. Kc1 Rh7 27. Rxe7 Qh1+ 28. Nd1 Qxg2 29. Nce3 Qg5 30. Re5 Qg6 31.
Nf5 Qg5+ 32. Nde3 Rd8 33. Ne7+ Qxe7 34. Rxe7 Rxd4 35. Re8+ 1-0

[Event "20th Open"]
[Site "Cappelle la Grande FRA"]
[Date "2004.02.28"]
[Round "1"]
[White "Banas,J"]
[Black "Ellia,J"]
[Result "0-1"]
[WhiteElo "2369"]
[BlackElo "2130"]
[EventDate "2004.02.28"]

1. c4 f5 2. Nc3 Nf6 3. g3 e6 4. Bg2 c6 5. Nf3 d5 6. d4 Bd6 7. O-O O-O 8.
Bf4 Bxf4 9. gxf4 dxc4 10. Ne5 Nd5 11. e3 b5 12. a4 b4 13. Ne2 Ba6 14. Re1
Nd7 15. Nxc6 Qb6 16. Bxd5 exd5 17. Ne5 Rad8 18. Nxd7 Rxd7 19. Ng3 Bc8 20.
a5 Qd6 21. Kh1 a6 22. Rg1 Qh6 23. Qh5 Qxh5 24. Nxh5 Kh8 25. Ng3 Rb7 26.
Rgc1 Be6 27. Kg2 g6 28. Ne2 Kg7 29. h4 Kf6 30. Ng1 Rc8 31. Nf3 Bd7 32. Ne5
Bb5 33. f3 Rbc7 34. Rab1 Ba4 35. Kf2 Bb5 36. Ke1 Ke6 37. Ra1 c3 38. bxc3 b3
39. Rcb1 Rxc3 40. Kf2 Rc2+ 41. Kg3 R8c3 42. Ra3 Bc4 43. h5 Rxe3 44. hxg6
Ree2 45. Ng4 hxg6 46. Raxb3 Bxb3 47. Rxb3 Rg2+ 48. Kh4 fxg4 49. fxg4 Rb2
50. Rc3 Rgc2 51. Re3+ Kf6 52. Re5 Rb5 0-1

[Event "20th Open"]
[Site "Cappelle la Grande FRA"]
[Date "2004.02.28"]
[Round "1"]
[White "Touze,JP"]
[Black "McNab,C"]
[Result "0-1"]
[WhiteElo "2146"]
[BlackElo "2388"]
[EventDate "2004.02.28"]

1. e4 g6 2. d4 d6 3. c3 Nf6 4. Bd3 Bg7 5. Ne2 e5 6. O-O O-O 7. Bg5 h6 8.
Bh4 g5 9. Bg3 Nh5 10. dxe5 dxe5 11. Bc4 Qe7 12. Na3 c6 13. f3 b5 14. Bb3 a5
15. Bf2 a4 16. Bc2 Be6 17. Ng3 Re8 18. Qe1 Nxg3 19. hxg3 Nd7 20. Qe3 Bf8
21. f4 exf4 22. gxf4 gxf4 23. Qxf4 Qg5 24. g3 Ne5 25. Be3 Qxf4 26. gxf4 Ng4
27. Bc1 f5 28. Re1 Ra7 29. Nb1 Rd7 30. Kh1 fxe4 31. Be3 Rd5 32. Bd4 Nf2+
0-1

[Event "20th Open"]
[Site "Cappelle la Grande FRA"]
[Date "2004.02.28"]
[Round "1"]
[White "Payen,A"]
[Black "Verspecht,T"]
[Result "1-0"]
[WhiteElo "2386"]
[BlackElo "2146"]
[EventDate "2004.02.28"]

1. d4 d6 2. e4 Nf6 3. Nc3 g6 4. g3 Bg7 5. Bg2 c6 6. a4 Nbd7 7. Nge2 O-O 8.
O-O e5 9. h3 Re8 10. Be3 Qc7 11. a5 Nf8 12. Qd2 Bd7 13. f4 Nh5 14. dxe5
dxe5 15. f5 Red8 16. Qe1 gxf5 17. exf5 Re8 18. Qf2 Nf6 19. g4 e4 20. Nf4
Re5 21. Bxa7 Rxa7 22. Qxa7 Nd5 23. a6 Bc8 24. Nh5 Bh6 25. Nxd5 cxd5 26.
Nf6+ Kh8 27. Qd4 bxa6 28. Nxd5 Qd6 29. Bxe4 Nd7 30. Rad1 Bb7 31. c4 Nf6 32.
Nxf6 Qxd4+ 33. Rxd4 Be3+ 34. Kh1 Bxd4 35. Bxb7 1-0

[Event "20th Open"]
[Site "Cappelle la Grande FRA"]
[Date "2004.02.28"]
[Round "1"]
[White "Pakleza,Z"]
[Black "Potapenko,A"]
[Result "1/2-1/2"]
[WhiteElo "2386"]
[BlackElo "2142"]
[EventDate "2004.02.28"]

1. Nf3 Nf6 2. d4 g6 3. c4 c5 4. Nc3 Bg7 5. g3 O-O 6. Bg2 d6 7. O-O Nc6 8.
d5 Nb8 9. h3 Nbd7 10. e4 Ne8 11. Be3 Qa5 12. Bg5 f6 13. Bd2 Qb4 14. b3 Qb6
15. Qc2 Ne5 16. Ne1 f5 17. f4 Nf7 18. Nf3 Qd8 19. Rae1 a6 20. Rf2 b5 21.
cxb5 axb5 22. Nxb5 fxe4 23. Qxe4 Rxa2 24. Qxe7 Qxe7 25. Rxe7 Rb2 26. Na7
Ba6 27. Nc6 Rxb3 28. Ra7 Bd3 29. f5 Nf6 30. Ne7+ Kh8 31. fxg6 hxg6 32. Bf4
Ne4 33. Nxg6+ Kg8 34. Nxf8 Rb1+ 35. Kh2 Nxf2 36. Ne6 Ne4 37. Nh4 Bb2 38.
Re7 c4 1/2-1/2